SETUZA, a.s - Finanční analýza a ocenění
Finančno-ekonomická analýza a ocenenie spoločnosti SETUZA, a.s Ústí nad Labem. Dva základné prístupy k určeniu hodnoty spoločnosti. Akcionárska štruktúra spoločnosti. Produkty spoločnosti - potravinárske, chemická výroba a technické produkty. Postavenie spoločnosti SETUZA na českom trhu. Tvorba zisk...
Gespeichert in:
| 1. Verfasser: | |
|---|---|
| Format: | Buchkapitel |
| Sprache: | Tschechisch |
| Schlagworte: | |
| Tags: |
Keine Tags, Fügen Sie das erste Tag hinzu!
|
MARC
| LEADER | 00000naa a2200000 4500 | ||
|---|---|---|---|
| 001 | r028232 | ||
| 005 | 20230927130019.5 | ||
| 041 | 0 | |a cze | |
| 044 | |a CZ | ||
| 245 | 1 | 0 | |a SETUZA, a.s - Finanční analýza a ocenění |c P. Dědek |
| 520 | |a Finančno-ekonomická analýza a ocenenie spoločnosti SETUZA, a.s Ústí nad Labem. Dva základné prístupy k určeniu hodnoty spoločnosti. Akcionárska štruktúra spoločnosti. Produkty spoločnosti - potravinárske, chemická výroba a technické produkty. Postavenie spoločnosti SETUZA na českom trhu. Tvorba zisku. Majetok spoločnosti. Zdroje financovania. Metódy ocenenia: Metóda hotovostných tokov (DCF). Metóda vážených nákladov na kapitál. Metóda pridanej ekonomickej hodnoty. Metóda kapitalizovaných ziskov. | ||
| 610 | 2 | 0 | |a SETUZA, a.s. Ústí nad Labem |
| 610 | 2 | 0 | |a analýza finančná |
| 610 | 2 | 0 | |a hodnota podniku |
| 610 | 2 | 0 | |a oceňovanie ekonomické |
| 610 | 2 | 0 | |a polotovary |
| 610 | 2 | 0 | |a výroba chemická |
| 610 | 2 | 0 | |a štruktúra podniku finančná |
| 610 | 2 | 0 | |a investície |
| 610 | 2 | 0 | |a zdroje finančné |
| 610 | 2 | 0 | |a výsledovka |
| 610 | 2 | 0 | |a súvaha |
| 610 | 2 | 0 | |a kapitál |
| 610 | 2 | 0 | |a správy výročné |
| 610 | 2 | 0 | |a tuky |
| 100 | 1 | |a Dědek, P. | |